000
00288 a2200085 4500
020
_a
978-1032372310
100
_a
Even Smith Wergeland
245
_a
The Architecture and Geography of Sound Studios: Sonic Heritage (Routledge Research in Architecture) 1st Edition
260
_b
Routledge
_c
2024
999
_c
13194
_d
13194